El Alamo : (Record no. 167377)
[ view plain ]
| 000 -CABECERA | |
|---|---|
| campo de control de longitud fija | 00672nam a2200205 u 4500 |
| 005 - FECHA Y HORA DE LA ÚLTIMA TRANSACCIÓN | |
| campo de control | 20210223132255.0 |
| 008 - ELEMENTOS DE LONGITUD FIJA--INFORMACIÓN GENERAL | |
| campo de control de longitud fija | 140127s2011 mx r 000 0 spa d |
| 020 ## - NÚMERO INTERNACIONAL NORMALIZADO PARA LIBROS | |
| Número Internacional Estándar del Libro | 9786070709265 |
| 035 ## - NÚMERO DE CONTROL DEL SISTEMA | |
| Número de control de sistema | UPN01000195276 |
| 049 ## - COLECCIÓN | |
| Colección | CG |
| 050 #4 - SIGNATURA TOPOGRÁFICA DE LA BIBLIOTECA DEL CONGRESO | |
| Número de clasificación | F390 |
| Número de documento/Ítem | T3.2 |
| 100 1# - ASIENTO PRINCIPAL--NOMBRE PERSONAL | |
| Nombre de persona | Taibo, Paco Ignacio, |
| Fechas asociadas al nombre | 1949- |
| 9 (RLIN) | 30687 |
| 245 13 - MENCIÓN DE TÍTULO | |
| Título | El Alamo : |
| Resto del título | una historia no apta para Hollywwood / |
| Mención de responsabilidad, etc. | Paco Ignacio Taibo II. |
| 260 ## - PUBLICACIÓN, DISTRIBUCIÓN, ETC. | |
| Lugar de publicación, distribución, etc. | México : |
| Nombre del editor, distribuidor, etc. | Planeta, |
| Fecha de publicación, distribución, etc. | 2011. |
| 300 ## - DESCRIPCIÓN FÍSICA | |
| Extensión | 243 p. : |
| Otras características físicas | il. |
| 651 #4 - ASIENTO SECUNDARIO DE MATERIA - NOMBRE GEOGRAFICO | |
| Nombre geográfico | MEXICO - |
| Subdivisión general | HISTORIA - |
| Subdivisión cronológica | GUERRA DE TEXAS, 1835-1836 |
| 9 (RLIN) | 4465 |
| 651 #4 - ASIENTO SECUNDARIO DE MATERIA - NOMBRE GEOGRAFICO | |
| Nombre geográfico | TEXAS, ESTADOS UNIDOS - |
| Subdivisión general | HISTORIA - |
| Subdivisión cronológica | REVOLUCION, 1835-1836 - |
| Subdivisión de forma | FUENTES |
| 9 (RLIN) | 4464 |
| 905 ## - TIPO DE MATERIAL | |
| Tipo de material | Libro |
| Estado de retiro | Estado de pérdida | Fuente del sistema de clasificación o colocación | Estado dañado | No para préstamo | Código de colección | Localización permanente | Ubicación/localización actual | Ubicación en estantería | Total de préstamos | Clasificación | Código de barras | Fecha visto por última vez | Número de copia | Tipo de ítem Koha | Renovaciones totales | Fecha del último préstamo |
|---|---|---|---|---|---|---|---|---|---|---|---|---|---|---|---|---|
| Library of Congress Classification | Colección General | Bib. Gregorio Torres Quintero | Bib. Gregorio Torres Quintero | Planta baja | 2 | F390 T3.2 | 294598 | 31/12/2020 | 1 | Libro | ||||||
| Library of Congress Classification | Colección General | Bib. Gregorio Torres Quintero | Bib. Gregorio Torres Quintero | Planta baja | 4 | F390 T3.2 | 294599 | 17/01/2022 | 1 | Libro | 1 | 06/12/2021 |
